[Event "Moscow op-A 16th"]
[Site "Moscow"]
[Date "2020.01.29"]
[Round "5"]
[White "Tarasov, Danila"]
[Black "Zyuzev, Pavel"]
[Result "1-0"]
[WhiteElo "2138"]
[BlackElo "1852"]
[PlyCount "79"]
[EventDate "2020.01.25"]
[EventType "swiss"]
[EventRounds "9"]
[EventCountry "RUS"]
[SourceTitle "CBM 194 Extra"]
[Source "ChessBase"]
[SourceDate "2020.03.31"]
[SourceVersion "1"]
[SourceVersionDate "2020.03.31"]
[SourceQuality "1"]

1. e4 e5 2. Nf3 Nc6 3. d4 exd4 4. Nxd4 Qf6 5. Nb3 Bb4+ 6. c3 Be7 7. g3 d6 8. Bg2 Qg6 9. Nd4 Bd7 10. 0-0 h5 11. Ne2 0-0-0 12. h4 f6 13. b4 Qe8 14. Qd5 Ne5 15. f4 Ng4 16. Nd4 c6 17. Qc4 N8h6 18. a4 Kb8 19. Na3 Qg8 20. Qxg8 Rdxg8 21. Rb1 g5 22. b5 c5 23. Nc6+ Bxc6 24. bxc6 b6 25. a5 gxh4 26. gxh4 Bd8 27. Nc4 Rg7 28. axb6 axb6 29. Nxb6 Bxb6 30. Rxb6+ Kc8 31. Bd2 Rhg8 32. Rfb1 Ra7 33. c4 Kc7 34. Rb7+ Rxb7 35. Rxb7+ Kc8 36. f5 Rf8 37. e5 fxe5 38. Bd5 Ng8 39. Be6+ Kd8 40. c7+ 1-0

[Event "Moscow op-A 16th"]
[Site "Moscow"]
[Date "2020.01.25"]
[Round "1"]
[White "Makoveev, Ilya"]
[Black "Zyuzev, Pavel"]
[Result "1-0"]
[WhiteElo "2277"]
[BlackElo "1852"]
[PlyCount "39"]
[EventDate "2020.01.25"]
[EventType "swiss"]
[EventRounds "9"]
[EventCountry "RUS"]
[SourceTitle "CBM 194 Extra"]
[Source "ChessBase"]
[SourceDate "2020.03.31"]
[SourceVersion "1"]
[SourceVersionDate "2020.03.31"]
[SourceQuality "1"]

1. e4 e5 2. Nf3 Nc6 3. Bc4 f5 4. d4 exd4 5. e5 d6 6. exd6 Bxd6 7. 0-0 Nge7 8. Re1 h6 9. Kh1 Kf8 10. Nxd4 Nxd4 11. Qxd4 Qe8 12. Nc3 Bd7 13. Bf4 Qg6 14. Rad1 Bc6 15. f3 Rd8 16. Re6 Qh5 17. Bxd6 Rxd6 18. Rxd6 cxd6 19. Qxd6 g5 20. Qf6+ 1-0